| 000 | 00725cam a2200229 4500 | ||
|---|---|---|---|
| 001 | WB3645-32 | ||
| 008 | 000000n2000 000 0 eng u | ||
| 035 | _a(Sirsi) u109330 | ||
| 245 | _aFurther compensation to arable farmers | ||
| 260 | _c2000 | ||
| 490 |
_aMAFF News Release _v(385/00) 2 November 2000 (2) |
||
| 520 | _aA further £34m is to be paid to arable farmers. This is agrimonetary compensation, to be paid in addition to the £57m already announced for Autumn 2000. | ||
| 590 | _aWB | ||
| 650 | _aARABLE FARMERS | ||
| 650 | _aAGRIMONETARY SYSTEM | ||
| 650 | _aMAFF | ||
| 650 | _aEURO | ||
| 650 | _aSTERLING | ||
| 650 | _aFARMING SUBSIDIES | ||
| 690 | _aRURAL-AGRICULTURE AND FORESTRY | ||
| 942 | _n0 | ||
| 999 |
_c65258 _d65258 |
||